000 00945nam a2200289 i 4500
003 DO-SdBNP
005 20260127101546.0
007 ta
008 260127b2023 dr c|||| |||| 00| 0 spa d
020 _a9789945186390
040 _aDO-SdBNP
_bspa
_cBNPHU
_erda
041 _aspa
082 4 _axxx
_bxxx
_222
100 _aSantana, Julio Cesar,
_eautor
_4aut.
_936086
245 1 3 _aEl poder de un hombre de Dios /
_cJulio César Santana ; corrección, Elaine García
250 _aPrimera edición
264 1 _aSanto Domingo :
_beditor no identificado,
_c2023.
300 _a91 páginas :
_bretratos ;
_c21 cm.
336 _atexto
_btxt
_2rdacontent
337 _asin mediación
_bn
_2rdamedia
338 _avolumen
_bnc
_2rdacarrier
500 _aIncluye datos biográficos del autor en la contracubierta
590 _aInventariado, 2026/BT
700 _aGarcía, Elaine,
_ecorrector
_4corr.
_988904
910 _aBtavárez
942 _2ddc
_cLBS1
999 _c60141
_d60141